|
|
|
|
| LEADER |
00000nab a2200000 a 4500 |
| 001 |
vtls000638124 |
| 003 |
SK-MaSNL |
| 005 |
20260304094819.0 |
| 008 |
250425c1997 xo 0 slo |
| 015 |
|
|
|a SNBRB19rr/mm-uuuuu
|
| 035 |
|
|
|a CL0638263
|
| 035 |
|
|
|a urn:nbn:sk:snk-abbr70
|
| 035 |
|
|
|a (urnnbn)urn:nbn:sk:snk:ar-0053zc
|
| 035 |
|
|
|a (uuid)105226c8-36f3-4964-b602-99c84d45d2c6
|
| 040 |
|
|
|a SNKBUCL
|b slo
|c SNKBUCL
|e AACR2
|
| 041 |
0 |
|
|a slo
|
| 044 |
|
|
|a xo
|c SK
|
| 080 |
|
|
|a 82:929:840
|2 1981
|
| 080 |
|
|
|a 840
|2 1981
|
| 080 |
|
|
|a 929 Nadaud, Alain
|2 1981
|
| 100 |
1 |
|
|a Minárik, Marián
|4 aut
|9 6567
|
| 245 |
1 |
0 |
|a Štyridsaťdeväťročného spisovateľa Alaina Nadauda... [inc.]
|c Marián Minárik
|
| 600 |
1 |
7 |
|a Nadaud, Alain,
|d 1948-
|2 snkbucl
|9 1391539
|
| 655 |
|
7 |
|a články z novín a časopisov
|2 snkbucl
|9 267496
|
| 773 |
0 |
|
|t Revue svetovej literatúry
|g Roč. 33, č. 3 (1997), s. 121-123
|x 0231-6269
|
| 850 |
|
|
|a Slovenská národná knižnica
|
| 852 |
|
|
|a Slovenská národná knižnica
|
| 958 |
|
|
|a article15
|
| 958 |
|
|
|a OND
|
| 958 |
|
|
|a LX
|
| 958 |
|
|
|a FR
|
| 958 |
|
|
|a BC
|
| 958 |
|
|
|a RK
|
| 958 |
|
|
|a EUIPO
|
| 992 |
|
|
|a RBX
|
| 999 |
|
|
|c 2829100
|d 2831030
|